00390nam a2200121Ia 4500008004100000040001600041041001200057082001700069100002100086245011600107260002900223300001600252230917s9999||||xx |||||||||||||| ||und|| e68917aMAIN aEnglish a301.11 R251S aParsons, Talcott 0aStructure of social action: A study in social theory with special reference to group of recent European writers aNew DelhibAmerindc1974 axii, 817 p.